|
|
|
|
| LEADER |
01547nam a2200313 c 4500 |
| 001 |
c000046735 |
| 003 |
CARM |
| 005 |
00000000000000.0 |
| 008 |
s1980 at ab b f00010 eng d |
| 019 |
1 |
|
|a 2110653
|5 LACONCORD2021
|
| 020 |
|
|
|a 0643026533 :
|c price unknown
|
| 035 |
|
|
|a (OCoLC)18142877
|5 LACONCORD2021
|
| 042 |
|
|
|a anuc
|
| 043 |
|
|
|a u-at-sa
|
| 100 |
1 |
|
|a Graetz, R. D.
|q (Rodney Dean)
|
| 245 |
1 |
0 |
|a Roxby Downs, South Australia :
|b environment problems of mineral exploration /
|c R.D. Graetz and D.J. Tongway.
|
| 260 |
|
|
|a Perth [W.A.] :
|b CSIRO, Division of Land Resources Management,
|c 1980.
|
| 300 |
|
|
|a 30 p. :
|b ill., maps ;
|c 25 cm.
|
| 490 |
1 |
|
|a Management report / CSIRO, Division of Land Resources Management
|x ISSN 0158-8397 ;
|v no. 5
|
| 500 |
|
|
|a Mineral deposits. Exploitation. Environmental aspects. South Australia. Roxby Downs (ANB/PRECIS SIN 0561150)
|
| 504 |
|
|
|a Bibliography: p. 29-30.
|
| 650 |
|
0 |
|a Mines and mineral resources
|x Environmental aspects
|z South Australia
|z Roxby Downs.
|
| 700 |
1 |
|
|a Tongway, D. J.
|q (David John)
|
| 710 |
2 |
0 |
|a CSIRO.
|b Division of Land Resources Management.
|
| 830 |
|
|
|a Management report (Commonwealth Scientific and Industrial Research Organization (Australia). Division of Land Resources Management) ;
|v no. 5.
|
| 852 |
8 |
|
|b CARM
|h A2:AE10E0
|i C00742
|p 0046905
|f BK
|
| 082 |
0 |
4 |
|a 333.8/5/099423
|
| 999 |
f |
f |
|i 15071a68-664c-5389-808a-bfda12015ac8
|s 1e925e60-f642-52cd-839e-9928368393a0
|
| 952 |
f |
f |
|p Can circulate
|a CAVAL
|b CAVAL
|c CAVAL
|d CARM 1 Store
|e C00742
|f A2:AE10E0
|h Other scheme
|i book
|m 0046905
|